000 01152nam a22003617a 4500
001 BR7602970
003 BR-BrBNA
005 20230928085005.0
007 ta
008 230509b bl.||||| |||| 00| 0 por d
040 _aBR-BrBNA
_bpor
_cBiblioteca Nacional de Agricultura
041 _a(Por)
072 _aQ10; E10; E70
_b1540
_b9350
_b/G514
090 _ 1540 BR7602970
110 1 _aPrograma de Investimentos Integrados para o Setor Agropecuario do Rio Grande do Sul, Porto Alegre (Brasil)
_97968
245 1 _aPerfis da agroindustria. Amido de Mandioca [Manihot esculenta; Industria alimenticia; Mercado; Investimento; Rio Grande do Sul; Brasil]
_bv. 6
260 3 _aPorto Alegre, RS (Brasil):
_c1976.
300 _a83 p.
500 _a30 tables; 16 ref.; Summary (Por)
650 _aTecnologia de alimento
650 _aMacroeconomia
650 _aComercializacao
650 _aMandioca
650 _aAmido
650 _aIndustria alimenticia
650 _aMercado
650 _aOferta
650 _aInvestimento
650 _aCusto
650 _aRio Grande do Sul
909 _a202309
_bLucia
_c55
_dLucia Elande
942 _cBK
999 _c22279
_d22279